[Event "NLD-ch"]
[Site "Rotterdam"]
[Date "1998.06.27"]
[Round "6"]
[White "Timman, Jan H"]
[Black "Piket, Jeroen"]
[Result "1/2-1/2"]
[WhiteElo "2635"]
[BlackElo "2575"]

1.e4 c5 2.Nf3 Nc6 3.Bb5 e6 4.O-O Nge7 5.c3 a6 6.Be2 d5 7.exd5 Nxd5 8.d4 cxd4
9.Nxd4 Bd7 10.Bf3 Nxd4 11.Qxd4 Bc6 12.Nd2 Qc7 13.Nc4 b5 14.Ne3 Nf6 15.Bxc6+ Qxc6
16.a4 Rd8 17.axb5 axb5 18.Qa7 Bc5 19.Qa6 Qxa6 20.Rxa6 O-O 21.Ra5 Rb8 22.Rd1 Rfc8
23.Kf1 b4 24.c4 Bxe3 25.Bxe3 Rxc4 26.Rb5 Rcc8 27.Rxb8 Rxb8 28.Ke2 Nd5 29.Ra1 f6
30.Kd3 Rd8 31.Kc2 b3+ 32.Kxb3 Nxe3 33.fxe3 Rd2 34.Kc3 Rxg2 35.b4 Kf8 36.b5 Ke7
37.Rd1 Re2 38.b6 Rxe3+ 39.Kc4 Re2 40.Kc3 Re3+ 41.Kc4  1/2-1/2

[Event "Copenhagen op"]
[Site "Copenhagen"]
[Date "1998.06.29"]
[Round "8"]
[White "Mortensen, Erling"]
[Black "Schandorff, Lars"]
[Result "0-1"]
[WhiteElo "2510"]
[BlackElo "2525"]

1.e4 c5 2.Nf3 Nc6 3.Bb5 e6 4.O-O Nge7 5.Re1 Ng6 6.c3 d5 7.exd5 Qxd5 8.d4 cxd4
9.Ba4 Be7 10.cxd4 O-O 11.Nc3 Qh5 12.Be3 Rd8 13.Qe2 Bd7 14.a3 Bd6 15.Bd1 Nce7
16.Qd2 Qa5 17.h4 Bc6 18.g3 Qf5 19.Ng5 Nxh4 20.gxh4 h6 21.Qc2 hxg5 22.Qxf5 Nxf5
23.hxg5 Bc7 24.Ne2 Nh4 25.Ng3 Ng2 26.Re2 Nxe3 27.Rxe3 Bf4 28.Rd3 Bxg5 29.Bb3 Rd7
30.Bc4 Rad8 31.Rad1 g6 32.Kf1 Bf6 33.Ne2 Kg7 34.f3 Rh8 35.b4 a6 36.Kg2 Rhd8
37.Kf2 Ba4 38.R1d2 Bc6 39.Rd1 Bd5 40.Rc3 Bxc4 41.Rxc4 e5 42.d5 Rxd5 43.Rxd5 Rxd5
44.Rc7 Rd3 45.a4 Bh4+ 46.Kg2 Rd2 47.Kf1 b6 48.Rc6 Rd1+ 49.Kg2 Rd2 50.Kf1 Ra2
51.Rxb6 Rxa4 52.Nc3 Ra3 53.Rc6 Ra1+ 54.Ke2 Rc1 55.Kd2 Bg5+ 56.Kd3 e4+ 57.fxe4 Bf6  0-1

[Event "RUS-Cup06"]
[Site "Nizhnij Novgorod"]
[Date "1998.06.29"]
[Round "1"]
[White "Yagupov, Igor"]
[Black "Chernikova, Svetlana"]
[Result "1-0"]
[WhiteElo "2450"]
[BlackElo "2120"]

1.e4 c5 2.Nf3 Nc6 3.Bb5 g6 4.Bxc6 dxc6 5.h3 Nf6 6.d3 Bg7 7.Nc3 O-O 8.Be3 b6
9.Qd2 Ba6 10.Bh6 Qc7 11.O-O-O Rfd8 12.Bxg7 Kxg7 13.e5 Nd5 14.Nxd5 cxd5 15.d4 Rac8
16.Rde1 cxd4 17.Nxd4 Qc4 18.Kb1 Qa4 19.Re3 Rc4 20.c3 Rc7 21.f4 Bc8 22.g4 a5
23.f5 Qc4 24.Rf3 f6 25.Qe3 b5 26.g5 gxf5 27.gxf6+ exf6 28.e6 b4 29.Rg1+ Kh8
30.Qh6 Rg8 31.Rxg8+ Kxg8 32.Rg3+  1-0

[Event "SVK-ch"]
[Site "Prievidza"]
[Date "1998.06.29"]
[Round "3.20"]
[White "Sarana, Oksana"]
[Black "Zavarsky, Juraj"]
[Result "1/2-1/2"]
[WhiteElo "2220"]
[BlackElo "2107"]

1.e4 c5 2.Nf3 Nc6 3.Bb5 g6 4.Bxc6 bxc6 5.O-O Bg7 6.d3 d6 7.c4 e5 8.Nc3 Ne7
9.Bg5 f6 10.Be3 O-O 11.Nd2 Be6 12.Qe2 Rb8 13.Rab1 Qd7 14.Nb3 Nc8 15.f4 Nb6
16.fxe5 fxe5 17.Bg5 Na8 18.Rxf8+ Rxf8 19.Rf1 Rxf1+ 20.Qxf1 Nc7 21.Nd1 Bf7
22.Qf3 Ne6 23.Bh4 g5 24.Be1 Nf4 25.Nf2 h5 26.g3  1/2-1/2

[Event "Copenhagen op"]
[Site "Copenhagen"]
[Date "1998.06.30"]
[Round "9"]
[White "Gullaksen, Eirik T"]
[Black "Lyrberg, Patrik"]
[Result "1/2-1/2"]
[WhiteElo "2345"]
[BlackElo "2430"]

1.e4 c5 2.Nf3 Nc6 3.Bb5 g6 4.O-O Bg7 5.Bxc6 bxc6 6.Re1 e5 7.c3 Ne7 8.d4 cxd4
9.cxd4 exd4 10.Nxd4 O-O 11.Nc3 Re8 12.Be3 d6 13.Qd2 Ba6 14.Red1 Rb8 15.Nb3 Bc4
16.Bxa7 Bxb3 17.axb3 Rxb3 18.Bd4 Bxd4  1/2-1/2

[Event "SVK-ch"]
[Site "Prievidza"]
[Date "1998.06.30"]
[Round "4.18"]
[White "Detko, Jan"]
[Black "Widera, Jan"]
[Result "1-0"]
[WhiteElo "2120"]
[BlackElo "2240"]

1.e4 c5 2.Nf3 Nc6 3.Bb5 g6 4.Bxc6 dxc6 5.c4 Bg7 6.Nc3 Bg4 7.O-O Nf6 8.d3 O-O
9.h3 Bxf3 10.Qxf3 Qc7 11.Be3 Nd7 12.Rad1 e5 13.Qe2 Rfe8 14.Na4 b6 15.a3 Nf8
16.b4 cxb4 17.axb4 Ne6 18.b5 Nd4 19.Qb2 cxb5 20.cxb5 Qd7 21.Rb1 Rec8 22.Bxd4 exd4
23.Rfc1 Bh6 24.Rxc8+ Rxc8 25.Qb3 Qc7 26.Nb2 Qc3 27.Nc4 Rc5 28.Kf1 Kf8 29.Ke2 Ke7
30.Qxc3 dxc3 31.Kd1 Bg7 32.Kc2 Bd4 33.Ne3 Ke6 34.Rb4 Bxe3 35.fxe3 Rg5 36.g4 h5
37.Kxc3 hxg4 38.hxg4 Rc5+ 39.Kd2 Kf6 40.d4 Rc7 41.Kd3 Kg5 42.e5 Kxg4 43.Ke4 g5
44.d5 Rd7 45.e6 fxe6 46.dxe6 Rc7 47.Ke5+ Kf3 48.Kd6 Rc3 49.e4 Rd3+ 50.Ke5 Rd8
51.Rb3+ Kf2 52.e7 Rh8 53.Kf6 g4 54.Kg7 Rc8 55.Kf7 g3 56.e8=Q  1-0

[Event "RUS-Cup06"]
[Site "Nizhnij Novgorod"]
[Date "1998.07.01"]
[Round "3"]
[White "Brodsky, Michail"]
[Black "Korotylev, Alexey"]
[Result "1/2-1/2"]
[WhiteElo "2545"]
[BlackElo "2470"]

1.e4 c5 2.Nf3 Nc6 3.Bb5 g6 4.Bxc6 bxc6 5.O-O Bg7 6.Re1 Nh6 7.c3 O-O 8.d4 cxd4
9.cxd4 f6 10.Nc3 Nf7 11.b3 d6 12.Bb2 Bd7 13.Rc1 Qb6 14.h3 Rfd8 15.Rc2 Be8
16.Qe2 e5 17.Rd1 Qb7 18.Ba3 Bf8 19.dxe5 fxe5 20.h4 Qe7 21.Rcd2 h6 22.g3 Qe6
23.Nh2 a5 24.Na4 Rdb8 25.Ng4 h5 26.Ne3 c5 27.Nc3 a4 28.Ned5 Ra7 29.b4 cxb4
30.Nxb4 Rab7 31.Nc2 Rc8 32.Nd5 Bb5 33.Qf3 Bh6 34.Nce3 Kg7 35.Rb2 Bc6 36.Rc2 Bxe3
37.Nxe3 Bb5 38.Rxc8 Qxc8 39.Bxd6 Qe6 40.Nf5+ Kh7 41.Bc5 gxf5 42.exf5 Qc6
43.Qxh5+ Qh6 44.Qg4 Qf6 45.Qh5+ Qh6 46.Qg4 Qf6 47.Qh5+  1/2-1/2

[Event "RUS-Cup06"]
[Site "Nizhnij Novgorod"]
[Date "1998.07.02"]
[Round "4"]
[White "Kovalevskaya, Ekaterina"]
[Black "Savitskaya, Ekaterina P"]
[Result "1-0"]
[WhiteElo "2390"]
[BlackElo "2220"]

1.e4 c5 2.Nf3 Nc6 3.Bb5 g6 4.Bxc6 dxc6 5.d3 Bg7 6.h3 e5 7.Be3 Qe7 8.Qd2 Nf6
9.Nc3 O-O 10.Bh6 Ne8 11.O-O Nc7 12.Bxg7 Kxg7 13.Ne2 f6 14.Nh2 Ne6 15.f4 exf4
16.Nxf4 Nxf4 17.Rxf4 Be6 18.Raf1 Qd6 19.b3 b6 20.Nf3 Qe7 21.Qc3 Rad8 22.Nh2 Bc8
23.R4f2 Qd6 24.Nf3 Kg8 25.Nd2 Kg7 26.Nc4 Qd4 27.Qe1 Be6 28.Nd2 Qc3 29.Qc1 Rf7
30.Nf3 Rdf8 31.Qf4 Rd8 32.Qh4 Rff8 33.e5 h6 34.Qa4 Rf7 35.Qxc6 Bd5 36.exf6+ Kh7
37.Qa4 Qxf6 38.Ng5+ Qxg5 39.Rxf7+ Bxf7 40.Rxf7+ Kg8 41.Qf4 Qxf4 42.Rxf4 Kg7
43.Kf2 g5 44.Re4 Kf6 45.Ke3 h5 46.c3 Rd7 47.d4 cxd4+ 48.cxd4 Rd5 49.Re8 Rd7
50.Ke4 Rc7 51.Rf8+ Kg6 52.Rf2 Rc1 53.d5 Re1+ 54.Kd4 g4 55.hxg4 hxg4 56.d6 Kg5
57.Kd5 Rd1+ 58.Kc6 Rc1+ 59.Kb7 Rd1 60.Kc7 Rc1+ 61.Kd8 g3 62.Re2 Kf6 63.d7 Kf7
64.Re7+ Kf8 65.Re3 Rc2 66.Rf3+ Kg7 67.Rxg3+ Kf7 68.a4 a6 69.Rf3+ Kg7 70.g4 Rc1
71.Rf5 Rc3 72.Ke7 Re3+ 73.Kd6  1-0

[Event "SVK-ch"]
[Site "Prievidza"]
[Date "1998.07.03"]
[Round "7.12"]
[White "Sarana, Oksana"]
[Black "Gazik, Igor"]
[Result "1-0"]
[WhiteElo "2220"]
[BlackElo "2380"]

1.e4 c5 2.Nf3 Nc6 3.Bb5 g6 4.Bxc6 bxc6 5.O-O Bg7 6.Re1 e5 7.c3 d6 8.d4 cxd4
9.cxd4 f6 10.Nc3 Ne7 11.Be3 h6 12.Re2 Bg4 13.Rd2 O-O 14.h3 Bxf3 15.Qxf3 Qd7
16.Rad1 Nc8 17.Qe2 Qb7 18.dxe5 fxe5 19.Nb1 Rb8 20.Na3 Rd8 21.Qc4+ Kh7 22.b3 Qc7
23.Qe6 d5 24.exd5 Rd6 25.Qg4 cxd5 26.Rxd5 Rxd5 27.Rxd5 Nb6 28.Rc5 Qd6 29.Nc4 Nxc4
30.Qxc4 Rb7 31.Rc8 Bf8 32.Bc5 Qd1+ 33.Kh2  1-0

[Event "Lost Boys op"]
[Site "Antwerp"]
[Date "1998.07.04"]
[Round "5"]
[White "Seul, Georg"]
[Black "Lautier, Joel"]
[Result "1/2-1/2"]
[WhiteElo "2435"]
[BlackElo "2645"]

1.e4 c5 2.Nf3 Nc6 3.Bb5 d6 4.O-O Bd7 5.Re1 Nf6 6.h3 Ne5 7.Bxd7+ Qxd7 8.Nxe5 dxe5
9.d3 g6 10.Nd2 Bg7 11.Nc4 Qc7 12.a4 O-O 13.Bd2 Nd7 14.Qb1 Nb8 15.b4 cxb4
16.Bxb4 Nc6 17.Bc3 Rfd8 18.Qb5 Nd4 19.Bxd4 Rxd4 20.Reb1 Rd7 21.Ra2 Rc8 22.Rab2 Qd8
23.Qa5 Qxa5 24.Nxa5 b6 25.Nc4 f6 26.Kf1 Bf8 27.Ra1  1/2-1/2

[Event "RUS-Cup06"]
[Site "Nizhnij Novgorod"]
[Date "1998.07.04"]
[Round "6"]
[White "Brodsky, Michail"]
[Black "Shariyazdanov, Andrey"]
[Result "1/2-1/2"]
[WhiteElo "2545"]
[BlackElo "2495"]

1.e4 c5 2.Nf3 Nc6 3.Bb5 e6 4.Bxc6 bxc6 5.b3 Ne7 6.e5 Ng6 7.h4 f6 8.Bb2 Be7
9.d3 O-O 10.Nbd2 Nxe5 11.Nxe5 fxe5 12.Bxe5 d6 13.Bc3 e5 14.h5 h6 15.Qe2 Be6
16.O-O-O Bg5 17.Kb1 Bxd2 18.Bxd2 a5 19.a4 Qb6 20.Ka1 Rab8 21.Qe1 Rb7  1/2-1/2

[Event "RUS-Cup06"]
[Site "Nizhnij Novgorod"]
[Date "1998.07.04"]
[Round "6"]
[White "Turov, Maxim"]
[Black "Yakovich, Yuri"]
[Result "1/2-1/2"]
[WhiteElo "2445"]
[BlackElo "2570"]

1.e4 c5 2.Nf3 Nc6 3.Bb5 g6 4.O-O Bg7 5.Bxc6 bxc6 6.Re1 Nh6 7.d4 cxd4 8.Nxd4 O-O
9.e5 d6 10.Nc3 Nf5 11.Bf4  1/2-1/2

[Event "NOR-ch"]
[Site "Oslo"]
[Date "1998.07.04"]
[Round "1"]
[White "Gullaksen, Eirik T"]
[Black "Parr, Erik"]
[Result "1-0"]
[WhiteElo "2345"]
[BlackElo "2285"]

1.e4 c5 2.Nf3 Nc6 3.Bb5 g6 4.O-O Bg7 5.Bxc6 bxc6 6.c3 Nf6 7.Re1 O-O 8.Qa4 Qc7
9.e5 Nd5 10.Qh4 f6 11.d4 cxd4 12.cxd4 fxe5 13.dxe5 Rxf3 14.gxf3 Bxe5 15.Nc3 Nxc3
16.bxc3 d6 17.Bg5 Bf5 18.Bxe7 Bxc3 19.Qc4+  1-0

[Event "RUS-Cup06"]
[Site "Nizhnij Novgorod"]
[Date "1998.07.06"]
[Round "8"]
[White "Komliakov, Viktor"]
[Black "Yakovich, Yuri"]
[Result "1/2-1/2"]
[WhiteElo "2510"]
[BlackElo "2570"]

1.e4 c5 2.Nf3 Nc6 3.Bb5 g6 4.Bxc6 bxc6 5.O-O Bg7 6.Re1 Nh6 7.c3 O-O 8.d4 cxd4
9.cxd4 d5 10.e5 f6 11.exf6 exf6 12.Nbd2 Bf5 13.Nb3 Qd6 14.Nfd2 Rae8 15.Nf1 Bc2
16.Qd2 Bxb3 17.axb3 Nf5 18.Rxe8 Rxe8 19.Qc3 Qc7 20.Ne3 Nd6 21.Nc2 Nb5 22.Qd3 f5
23.g3 Qb6  1/2-1/2

[Event "RUS-Cup06"]
[Site "Nizhnij Novgorod"]
[Date "1998.07.07"]
[Round "9"]
[White "Balashov, Yuri S"]
[Black "Shariyazdanov, Andrey"]
[Result "1-0"]
[WhiteElo "2555"]
[BlackElo "2495"]

1.e4 c5 2.Nf3 Nc6 3.Bb5 e6 4.c3 Nge7 5.O-O a6 6.Ba4 b5 7.Bc2 Bb7 8.Re1 Rc8
9.a4 d5 10.axb5 axb5 11.Qe2 c4 12.b3 cxb3 13.Bxb3 dxe4 14.Ng5 Qd3 15.Qxe4 Qxe4
16.Nxe4 Ng6 17.Na3 Na7 18.Nc2 Nc6 19.d4 Nd8 20.d5 e5 21.Nd4 Kd7 22.Nxb5 f5
23.Ng5 Bc5 24.Ba3 h6 25.Ne6 Nxe6 26.dxe6+ Ke7 27.Bb4 Bxb4 28.cxb4 Rhd8 29.Ra7 Rb8
30.h4 Nxh4 31.Rxe5 Kf6 32.e7 Re8 33.Re6+ Kg5 34.Nd6 Bxg2 35.Nxe8 Rxb4 36.Nd6 Rxb3
37.f4+ Kg4 38.e8=Q Rb1+ 39.Kf2  1-0

[Event "Politiken Cup"]
[Site "Copenhagen"]
[Date "1998.07.08"]
[Round "5"]
[White "Hansen, Gunnar West"]
[Black "Schmied, Andreas"]
[Result "1/2-1/2"]
[WhiteElo "2245"]
[BlackElo "2155"]

1.e4 c5 2.Nf3 Nc6 3.Bb5 g6 4.O-O Bg7 5.Re1 Nf6 6.c3 O-O 7.d4 cxd4 8.cxd4 d5
9.e5 Ne4 10.Nc3 Nxc3 11.bxc3 Bg4 12.h3 Bxf3 13.Qxf3 Rc8 14.Bg5 Na5 15.Rab1 a6
16.Bf1 Qd7 17.h4 Rc6 18.g3 Rfc8 19.Re3 b5 20.Rb4 Nc4 21.Bxc4 Rxc4 22.Rb3 Ra4
23.Re2 Rc7 24.h5 Rac4 25.hxg6 hxg6 26.Kg2 Qf5 27.Bf4 g5 28.Bd2 Qxf3+ 29.Kxf3 Kh7
30.Ra3 R7c6 31.Kg4 Kg6 32.Bxg5 b4 33.cxb4 Rxd4+ 34.f4 f6 35.exf6 exf6 36.Bh4 Rxb4
37.Rd3 f5+ 38.Kf3 d4 39.g4 fxg4+ 40.Kxg4 Bf6 41.Bxf6 Kxf6 42.Re4 Rd6 43.Rh3 Rbb6
44.Rxd4 Rxd4 45.Rh6+ Kf7 46.Rxb6 Ra4 47.Kg5 Rxa2 48.Rb7+ Kg8 49.Kf6 Rc2 50.f5 Rc6+
51.Kg5 Kf8 52.Ra7 Rb6 53.Rc7 Rd6 54.Kf4 Rb6 55.Ra7 Rc6 56.Ke5 Rb6 57.Rc7 Rh6
58.Kd5 Rb6 59.Ra7 Rh6 60.Ke5 Rb6 61.Kf4 Rc6 62.Kg5 Rb6 63.f6 Rb1 64.Rxa6  1/2-1/2

[Event "Politiken Cup"]
[Site "Copenhagen"]
[Date "1998.07.08"]
[Round "5"]
[White "Borge, Nikolaj"]
[Black "Nolsoe, Eydun"]
[Result "1-0"]
[WhiteElo "2390"]
[BlackElo "2205"]

1.e4 c5 2.Nf3 Nc6 3.Bb5 g6 4.Bxc6 bxc6 5.O-O Bg7 6.Re1 e5 7.c3 Qb6 8.b4 cxb4
9.d4 exd4 10.cxd4 Nf6 11.Bf4 O-O 12.Bd6 Re8 13.Nbd2 a5 14.a3 bxa3 15.Rxa3 Ba6
16.Bc5 Qc7 17.e5 Nd5 18.Ne4 h6 19.Nfd2 Nf4 20.Nd6 Rf8 21.N2e4 Ne6 22.Qd2 Qd8
23.Rh3 Ng5 24.Nxg5 Qxg5 25.f4 Qg4 26.f5 gxf5 27.Rg3 Qh5 28.Qf4 Kh7 29.Nxf5 Rg8
30.Ne7 Kh8 31.Rg4  1-0

[Event "Politiken Cup"]
[Site "Copenhagen"]
[Date "1998.07.10"]
[Round "7"]
[White "Holst, Allan"]
[Black "Olsen, Peter Erik"]
[Result "1-0"]
[WhiteElo "2365"]
[BlackElo "2240"]

1.Nf3 c5 2.e4 Nc6 3.Bb5 g6 4.Bxc6 dxc6 5.d3 Bg7 6.O-O Qc7 7.h3 e5 8.Be3 b6
9.Nbd2 Nf6 10.a3 O-O 11.Nc4 Nd7 12.b4 cxb4 13.axb4 c5 14.b5 a5 15.bxa6 Bxa6
16.Nfd2 Rfd8 17.Bg5 Re8 18.Ne3 b5 19.Nd5 Qd6 20.Qb1 Nb6 21.Nxb6 Qxb6 22.Nc4 Qe6
23.Ne3 b4 24.Ra5 Qd6 25.Qb3 Bb7 26.Rfa1 h6 27.Bh4 Rxa5 28.Rxa5 Ra8 29.Rxa8+ Bxa8
30.Qa4 Bc6 31.Qa7 b3 32.Nc4 Qe6 33.cxb3 Kh7 34.Qxc5 f5 35.f3 fxe4 36.dxe4  1-0

[Event "Politiken Cup"]
[Site "Copenhagen"]
[Date "1998.07.13"]
[Round "9"]
[White "Nilsson, Nils Specht"]
[Black "Hjelm, Niclas"]
[Result "1-0"]
[WhiteElo "2160"]
[BlackElo "2315"]

1.e4 c5 2.Nf3 Nc6 3.Bb5 g6 4.O-O Bg7 5.c3 Nf6 6.Re1 O-O 7.d4 d5 8.e5 Ne4
9.Nbd2 Nxd2 10.Bxd2 Qb6 11.Bxc6 bxc6 12.b3 Bg4 13.dxc5 Qxc5 14.b4 Qc4 15.h3 Bxf3
16.Qxf3 a5 17.a3 f6 18.e6 f5 19.Qe3 Rfd8 20.Rab1 a4 21.Qb6 Bf6 22.b5 c5 23.Rec1 Rdc8
24.Be1 f4 25.Rd1 f3 26.g3 Rab8 27.Qa7 d4 28.cxd4 Qxe6 29.Kh2 Bxd4 30.b6 Rd8
31.Qxa4 Rxb6 32.Rxb6 Qxb6 33.Ba5 Qb2 34.Rd2 Qb8 35.Bxd8 Qxd8 36.Qb3+ Kg7
37.Qxf3 Qa5 38.Re2 Qa7 39.Qe4 Bf6 40.a4 Qa6 41.Rc2 Qa5 42.Qc6 Bd4 43.Qb5 Qa7
44.a5 c4 45.Rxc4 Bxf2 46.Qe5+ Kg8 47.Rc8+ Kf7 48.Rc7 Bg1+ 49.Kh1  1-0

[Event "RUS-Cup07"]
[Site "Tomsk"]
[Date "1998.07.15"]
[Round "1"]
[White "Yandemirov, Valeri"]
[Black "Bocharov, Dmitry"]
[Result "1-0"]
[WhiteElo "2545"]
[BlackElo "2245"]

1.e4 c5 2.Nf3 Nc6 3.Bb5 e6 4.Nc3 Nge7 5.O-O a6 6.Bxc6 Nxc6 7.d4 cxd4 8.Nxd4 d6
9.Re1 Bd7 10.Nxc6 Bxc6 11.Nd5 Be7 12.Nxe7 Qxe7 13.b3 O-O 14.Ba3 Rfd8 15.Qd3 Qc7
16.Rad1 d5 17.e5 Bb5 18.Qd2 Rac8 19.Rc1 Qc3 20.Qxc3 Rxc3 21.Bb4 Rcc8 22.Ba5 Rd7
23.a4 Bc6 24.Bb6 Re7 25.f4 Bd7 26.Kf2 Rc6 27.a5 Re8 28.c3 Rec8 29.Bd4 Kf8
30.Re3 Be8 31.Ke1 Bd7 32.Kd2 Ke7 33.Rce1 Rg8 34.Rh3 h6 35.Ree3 Rcc8 36.Reg3 Bb5
37.Rf3 Rh8 38.Rhg3 g6 39.Rf2 h5 40.h3 Kd7 41.Re3 h4 42.Re1 Rh5 43.Rf3 Rg8
44.Ke3 Rf5 45.Kf2 Ke8 46.Ree3 Kd7 47.Kg1 Ke8 48.Rf2 Kd7 49.Re1 Bd3 50.Kh2  1-0

[Event "Szeged TT07 IM"]
[Site "Szeged"]
[Date "1998.07.16"]
[Round "1"]
[White "Nanu, Ciprian"]
[Black "Pasztorcsik, Janos"]
[Result "1-0"]
[WhiteElo "2405"]
[BlackElo "2050"]

1.e4 c5 2.Nf3 Nc6 3.Bb5 g6 4.O-O Bg7 5.Re1 e5 6.Bxc6 dxc6 7.d3 h6 8.a4 a5
9.Be3 b6 10.Na3 Be6 11.c3 Ne7 12.d4 cxd4 13.cxd4 Qc7 14.dxe5 Rd8 15.Qc1 Qb8
16.Nc4 Nc8 17.Nd4 Bd7 18.Bf4 Be6 19.Nxc6  1-0

[Event "RUS-Cup07"]
[Site "Tomsk"]
[Date "1998.07.17"]
[Round "3"]
[White "Yurtaev, Leonid"]
[Black "Lopushnoy, Denis"]
[Result "1-0"]
[WhiteElo "2520"]
[BlackElo "2390"]

1.e4 c5 2.Nf3 Nc6 3.Bb5 g6 4.O-O Bg7 5.Re1 Nf6 6.d4 cxd4 7.e5 Nd5 8.Bxc6 dxc6
9.Qxd4 Qb6 10.Qh4 h6 11.Na3 g5 12.Qe4 O-O 13.Nc4 Qc7 14.Bxg5 hxg5 15.Nxg5 f5
16.Qh4 Rd8 17.Qh7+ Kf8 18.e6 Qf4 19.Qg6 Kg8 20.Ne5  1-0

[Event "RUS-Cup07"]
[Site "Tomsk"]
[Date "1998.07.17"]
[Round "3"]
[White "Yandemirov, Valeri"]
[Black "Mukhaev, Aleksander"]
[Result "1-0"]
[WhiteElo "2545"]
[BlackElo "2315"]

1.e4 c5 2.Nf3 Nc6 3.Bb5 e6 4.Bxc6 bxc6 5.d3 Be7 6.O-O Qc7 7.e5 f6 8.Bf4 Qd8
9.Nbd2 fxe5 10.Nxe5 Nf6 11.Ne4 O-O 12.Nxf6+ Rxf6 13.Bg5 Rf5 14.Bxe7 Qxe7
15.f4 Rb8 16.b3 Bb7 17.Qd2 Rbf8 18.Rae1 d6 19.Nc4 Bc8 20.Qe3 Qc7 21.Nd2 Re8
22.Ne4 Rff8 23.Qg3 e5 24.fxe5 Rxf1+ 25.Rxf1 Rxe5 26.Nf6+ Kh8 27.Nd7 Re8 28.Rf7 Rg8
29.Ne5  1-0

[Event "Saitek US Masters"]
[Site "Hawaii"]
[Date "1998.07.22"]
[Round "2"]
[White "Saidy, Anthony Fred"]
[Black "Shaked, Tal"]
[Result "1/2-1/2"]
[WhiteElo "2380"]
[BlackElo "2490"]

1.Nf3 c5 2.e4 Nc6 3.Bb5 g6 4.Bxc6 bxc6 5.d3 Bg7 6.Nbd2 d6 7.O-O e5 8.a3 f5
9.b4 cxb4 10.axb4 Nf6 11.c4 O-O 12.c5 d5 13.Bb2 fxe4 14.dxe4 Bg4 15.Bxe5 Re8
16.Qb3 Nxe4 17.Nxe4 Bxf3 18.Bxg7 Bxe4 19.Bb2 Qg5 20.g3 Qd2 21.Rfd1 Qc2 22.Qxc2 Bxc2
23.Rd2 Bb3 24.f3 Bc4  1/2-1/2

[Event "Smith & Williamson"]
[Site "Witley"]
[Date "1998.07.22"]
[Round "5"]
[White "Jones, Stephen M"]
[Black "Rattray, Ross"]
[Result "1/2-1/2"]
[WhiteElo "2040"]
[BlackElo "1896"]

1.e4 c5 2.Nf3 Nc6 3.Bb5 g6 4.O-O Bg7 5.Re1 Nd4 6.Nxd4 cxd4 7.Bf1 e5 8.d3 Ne7
9.c4 O-O 10.g4 d6 11.Bg2 Qc7 12.a3 Bd7 13.Bd2 b5 14.b3 Qb6 15.Qc1 Rfe8 16.Bh6 Bh8
17.Nd2 Rec8 18.Qd1 Rab8 19.Qe2 Be6 20.Reb1  1/2-1/2

[Event "Bad Homburg"]
[Site "Bad Homburg"]
[Date "1998.07.23"]
[Round "6"]
[White "Larsen, Bent"]
[Black "Svidler, Peter"]
[Result "1/2-1/2"]
[WhiteElo "2515"]
[BlackElo "2690"]

1.e4 c5 2.Nf3 Nc6 3.Bb5 g6 4.O-O Bg7 5.Na3 Nf6 6.Re1 O-O 7.Bxc6 bxc6 8.e5 Nd5
9.d3 d6 10.Nc4 h6 11.Bd2 Bf5 12.h3 Qd7 13.Qe2 Rae8 14.a3 Nb6 15.Bf4 g5 16.Bg3 Bg6
17.h4 Nxc4 18.dxc4 g4 19.Nh2 h5 20.Qd2 Qf5 21.exd6 exd6 22.c3 Rxe1+ 23.Rxe1 Rd8
24.Nf1 d5 25.Ne3 Qd7 26.cxd5 cxd5 27.Bf4 Re8 28.c4 d4 29.Nd5 Rxe1+ 30.Qxe1 Kh7
31.Bg5 Qf5 32.b4 cxb4 33.axb4 d3 34.Bd2 Bd4 35.Bc3 Qe4 36.Qxe4 Bxe4 37.Bxd4 Bxd5
38.Kf1 Bxg2+ 39.Ke1 a6 40.Kd2 Be4 41.Ke3 Kg6 42.Bc3 Kf5 43.Bd2 Ke5  1/2-1/2

[Event "Saitek US Masters"]
[Site "Hawaii"]
[Date "1998.07.25"]
[Round "5"]
[White "Garbett, Paul Anthony"]
[Black "Antonio, Rogelio Jr"]
[Result "0-1"]
[WhiteElo "2360"]
[BlackElo "2540"]

1.e4 c5 2.Nf3 Nc6 3.Bb5 g6 4.Bxc6 dxc6 5.d3 Bg7 6.Nc3 e5 7.Be3 Qe7 8.Qd2 h6
9.h3 Nf6 10.Na4 Nd7 11.Qc3 b6 12.a3 Bb7 13.Qd2 f5 14.exf5 gxf5 15.O-O O-O-O
16.Qe2 Rhg8 17.Kh1 Bf6 18.Rae1 Rde8 19.Rg1 Qf7 20.b3 Bd8 21.Bc1 Bc7 22.Nd2 Kb8
23.c4 Qg6 24.Nc3 Qd6 25.Nf1 Nf8 26.Qh5 Qd7 27.Ng3 Bc8 28.Nxf5 Ne6 29.Ne4 Ref8
30.Rd1 Nf4 31.Bxf4 Rxf5 32.Qxh6 exf4 33.f3 Be5 34.Rge1 Rh8 35.Qg6 Rfh5 36.Ng5 Bd4
37.Re4 Qd8 38.Ne6 Rxh3+ 39.gxh3 Rxh3+ 40.Kg2 Qh4  0-1

[Event "Stockholm op (Women)"]
[Site "Stockholm"]
[Date "1998.08.02"]
[Round "2"]
[White "Agrest, Svetlana"]
[Black "Stasiunaite, Lina"]
[Result "1-0"]
[WhiteElo "2185"]
[BlackElo "2145"]

1.e4 c5 2.Nf3 Nc6 3.Bb5 e6 4.O-O Nge7 5.Re1 a6 6.Bxc6 Nxc6 7.d4 cxd4 8.Nxd4 d6
9.Nxc6 bxc6 10.Nc3 Be7 11.Qg4 Bf6 12.e5 h5 13.Qg3 dxe5 14.Ne4 h4 15.Qg4 h3
16.Rd1 Bd7 17.g3 g6 18.Be3 Be7 19.Rd2 Qa5 20.Rad1 O-O-O 21.Nd6+ Bxd6 22.Rxd6 f5
23.Qc4 f4 24.b4 Qa4 25.Bb6 fxg3 26.fxg3 e4 27.Ba5 Qb5 28.Qxb5 axb5 29.Bxd8 Rxd8
30.Kf2 Rf8+ 31.Ke3 Be8 32.Kxe4 Kc7 33.Rd8 c5 34.Ke3 cxb4 35.Ra8 Rf3+ 36.Kxf3 Bc6+
37.Kf4 Bxa8 38.Rd4 Bd5 39.Rxb4 Kc6 40.a3 Kc5 41.Kg5 e5 42.c3 Kc6 43.Kxg6 e4
44.Kf5 e3 45.Kf4 e2 46.Rb1 Kc5 47.Ke3 Bc4 48.Re1 Kd5 49.Rxe2 Bxe2 50.Kxe2 Ke4
51.c4 bxc4 52.a4 Kd4 53.Kd2 Kc5 54.Kc3  1-0

[Event "MK Cafe Cup-A"]
[Site "Koszalin"]
[Date "1998.08.03"]
[Round "1"]
[White "Rozentalis, Eduardas"]
[Black "Pedzich, Dominik"]
[Result "1-0"]
[WhiteElo "2575"]
[BlackElo "2435"]

1.e4 c5 2.Nf3 Nc6 3.Bb5 g6 4.O-O Bg7 5.c3 Nf6 6.Re1 O-O 7.d4 d5 8.e5 Ne4
9.Bxc6 bxc6 10.Nbd2 Bf5 11.Nh4 e6 12.Nxf5 exf5 13.Nf3 Rb8 14.Re2 Re8 15.Ne1 cxd4
16.cxd4 c5 17.Be3 Rb4 18.Nd3 Rc4 19.dxc5 d4 20.Qb3 Rxc5 21.Nxc5 Nxc5 22.Qc4 Rxe5
23.Bg5 Qxg5 24.Rxe5 Bxe5 25.Qxc5 Qf4 26.g3 Qe4 27.Qa5 Bf6 28.Re1 Qb7 29.Re8+ Kg7
30.Qc5 h5 31.Qd6 g5 32.b3 g4 33.Qf8+ Kg6 34.Qg8+ Kh6 35.Qf8+ Kg6 36.Qd6 Qf3
37.Re1 Kg7 38.b4 Qc3 39.Rf1 Qf3 40.b5 h4 41.gxh4 Qe4 42.Qg3 Be5 43.Qg2 d3
44.Qxe4 fxe4 45.a4 Bc3 46.Rc1 d2 47.Rd1  1-0

[Event "Hans & Lenze"]
[Site "Lippstadt"]
[Date "1998.08.03"]
[Round "5"]
[White "Matthias, Heiner"]
[Black "Wilhelmi, Christian"]
[Result "0-1"]
[WhiteElo "2355"]
[BlackElo "2445"]

1.e4 c5 2.Nf3 Nc6 3.Bb5 e6 4.c3 Nge7 5.Qe2 a6 6.Ba4 b5 7.Bc2 d5 8.O-O Bb7
9.Rd1 Ng6 10.d4 cxd4 11.exd5 Qxd5 12.cxd4 Bd6 13.Nc3 Qh5 14.d5 Nb4 15.Bb3 O-O-O
16.dxe6 fxe6 17.a3 Bxf3 18.Qxf3 Qxh2+ 19.Kf1 Nd5 20.Nxd5 exd5 21.Be3 Kb8
22.Qg4 Bf4 23.Bb6 Qh1+ 24.Ke2 Rhe8+ 25.Kd3 Ne5+ 26.Ke2 Qh6  0-1

[Event "RUS-ch51"]
[Site "St Petersburg"]
[Date "1998.08.03"]
[Round "7"]
[White "Svidler, Peter"]
[Black "Tiviakov, Sergei"]
[Result "1-0"]
[WhiteElo "2710"]
[BlackElo "2655"]

1.e4 c5 2.Nf3 Nc6 3.Bb5 d6 4.O-O Bd7 5.c3 a6 6.Ba4 Nf6 7.Re1 b5 8.Bc2 Bg4
9.h3 Bxf3 10.Qxf3 Nd7 11.d3 g6 12.Bb3 e6 13.Qd1 Bg7 14.Be3 O-O 15.Nd2 Nb6
16.a3 a5 17.a4 b4 18.Rc1 Rc8 19.Qe2 Qd7 20.Nc4 Rb8 21.Nxb6 Rxb6 22.Bc4 Na7
23.Qd1 Rc8 24.Re2 Qb7 25.Rec2 b3 26.Re2 d5 27.exd5 exd5 28.Bb5 Nxb5 29.axb5 Rxb5
30.c4 Rb6 31.d4 dxc4 32.dxc5 Rb4 33.Bd2 Rb5 34.Rxc4 Qd5 35.Qc1 Bxb2 36.Qxb2 Qxc4
37.Bh6 f6 38.Re7 Qh4 39.Qe2  1-0

[Event "Budapest FS08 GM"]
[Site "Budapest"]
[Date "1998.08.05"]
[Round "5"]
[White "Gonzalez Garcia, Jose"]
[Black "Jelen, Igor"]
[Result "1/2-1/2"]
[WhiteElo "2420"]
[BlackElo "2430"]

1.e4 c5 2.Nf3 Nc6 3.Bb5 g6 4.Bxc6 dxc6 5.h3 Bg7 6.d3 b6 7.Nc3 e5 8.Be3 Ne7
9.Qd2 h6 10.g4 f6 11.O-O-O Be6 12.Nh2 Qd7 13.Nf1 h5 14.gxh5 Rxh5 15.f4 exf4
16.Bxf4 Rxh3 17.Ne3 Rxh1 18.Rxh1 Bg8 19.Ne2 O-O-O 20.Qc3 Kb7 21.a4 Nc8 22.Bh6 Bxh6
23.Rxh6 Qg7 24.Rh1 Nd6 25.b3 Rd7 26.Nf4 f5 27.Qxg7 Rxg7 28.exf5 gxf5 29.Rh6 Kc7
30.Kb2 Rg5 31.Rf6 Kd7 32.Rf8 Bf7 33.Rh8 Rg3 34.Nc4 Bxc4 35.bxc4 Rg7 36.Rh6 Nc8
37.Rf6 Ne7 38.a5 Rg4 39.axb6 axb6 40.Nh5 Rg5 41.Rh6 Ng8 42.Nf6+ Nxf6 43.Rxf6 b5
44.Kc3 b4+ 45.Kd2 Rg2+ 46.Ke1 Rxc2 47.Rxf5 Rh2 48.Kd1 Kd6 49.Rg5 Rf2  1/2-1/2

[Event "MK Cafe Cup-A"]
[Site "Koszalin"]
[Date "1998.08.05"]
[Round "3"]
[White "Kuczynski, Robert"]
[Black "Cyborowski, Lukasz"]
[Result "1/2-1/2"]
[WhiteElo "2470"]
[BlackElo "2390"]

1.e4 c5 2.Nf3 Nc6 3.Bb5 e6 4.O-O Nge7 5.Nc3 a6 6.Bxc6 Nxc6 7.d4 cxd4 8.Nxd4 Qc7
9.Re1 Bd6 10.Kh1 Nxd4 11.Qxd4 Be5 12.Qe3 b5 13.f4 Bxc3 14.bxc3 Bb7 15.Ba3 Rc8
16.Rad1 f6 17.Qd4 Bc6 18.Bd6 Qa5 19.a3 Kf7 20.Rd3 Qa4 21.Qxa4 bxa4 22.c4 g6
23.Kg1 Ra8 24.Rdd1  1/2-1/2

[Event "BCF-ch"]
[Site "Torquay"]
[Date "1998.08.05"]
[Round "9"]
[White "Wismayer, Clive R"]
[Black "Tebb, David"]
[Result "0-1"]
[WhiteElo "2140"]
[BlackElo "2260"]

1.e4 c5 2.Nf3 Nc6 3.Bb5 e6 4.O-O Nge7 5.Re1 a6 6.Bxc6 Nxc6 7.d4 cxd4 8.Nxd4 d6
9.Nxc6 bxc6 10.Qg4 h5 11.Qg3 h4 12.Qg4 e5 13.Qe2 h3 14.g3 Qf6 15.Nd2 Qg6
16.Qc4 Bd7 17.Qb3 Be7 18.Qb7 Rd8 19.Qxa6 O-O 20.Nf1 f5 21.exf5 Qxf5 22.Qe2 d5
23.f4 exf4 24.Bxf4 Bc5+ 25.Kh1 g5 26.Be5 Rde8 27.g4 Qxg4 28.Ng3 Rxe5  0-1